Realizacija programmy erasmus + v Slovakii: otdeľnyje aspekty

Problémy akademickej mobility na Slovensku, ktorá sa realizuje prostredníctvom programu Erasmus +. Štatistiky a správy o tom, ako sa Slovensku podarilo využiť potenciál tohto programu na zvýšenie mobility mládeže.

Guardado en:
Detalles Bibliográficos
Autor principal: Zubro, Tetyana, 1975-
Formato: Capítulo de libro
Lenguaje:ucraniano
Materias:
Etiquetas: Agregar Etiqueta
Sin Etiquetas, Sea el primero en etiquetar este registro!

MARC

LEADER 00000naa$a2200000$$$4500
001 0263382
005 20240502083757.3
041 0 |a ukr 
044 |a UA 
245 1 0 |a Realizacija programmy erasmus + v Slovakii: otdeľnyje aspekty  |c Tetyana Zubro 
520 |a Problémy akademickej mobility na Slovensku, ktorá sa realizuje prostredníctvom programu Erasmus +. Štatistiky a správy o tom, ako sa Slovensku podarilo využiť potenciál tohto programu na zvýšenie mobility mládeže. 
610 2 0 |a Slovensko 
610 2 0 |a vzdelávanie vysokoškolské 
610 2 0 |a štúdium v zahraničí 
610 2 0 |a mládež 
100 1 |a Zubro, Tetyana, 1975-